000 01182nam a2200229Ia 4500
999 _c39532
_d39532
001 6128
003 GE_BSU
005 20190924103143.0
008 181216s1961||||ge |||||||||||||| ||geo||
040 _cGE_BSU
041 _ageo
080 _a821.353.1-32 ა-96
245 _aახალი ხომლი :
_bმოთხრობების კრებული /
_cქართველ საბჭოთა მწერლების სარედაქციო კოლეგია : ა. ბელიაშვილი, კ. ლორთქიფანიძე, გ. ნატროშვილი და სხვ.
264 _aთბილისი :
_bსაბჭოთა მწერალი ;
_c1961.
300 _a694 გვ. ;
_c26 სმ.
653 _aახალი ხომლი
653 _aმოთხრობების კრებული
700 _aბელიაშვილი, ა.
_eრედაქტორი
_94256
700 _aლორთქიფანიძე, კ.
_eრედაქტორი
_93817
700 _a ნატროშვილი, გ.
_eრედაქტორი
_94257
942 _cBK
_2udc